Medagliere Skateboard ai Giochi Olimpici - Statistics

Statistiche generali
  • Questo quiz è stato fatto 11 volte
  • Il punteggio medio è 4 su 5
Statistiche sulle risposte
Medaglie complessive Medaglie d'Oro Medaglie d'Argento Medaglie di Bronzo Rappresentativa olimpica % Corretto
2 0 0 2 Stati Uniti
100%
5 3 1 1 Giappone
91%
1 1 0 0 Australia
73%
3 0 3 0 Brasile
73%
1 0 0 1 Gran Bretagna
55%
Nessun quiz corrispondente trovato
Distribuzione punteggi
Percentuale di utenti per punteggio
Percentile per numero di risposta
I tuoi punteggi nel tempo
Non hai fatto questo quiz